| 000 | 01582nam0a2200361 4500 | ||
|---|---|---|---|
| 001 | RU\NLR\bibl\791739 | ||
| 005 | 20260405214958.0 | ||
| 010 |
_a5-93522-028-8 _91000 |
||
| 035 | _a(NLR Aleph) 000780976 | ||
| 090 |
_a1061841 _c1061841 |
||
| 100 | _a20050422d2004 |||y0rusy50 ca | ||
| 101 | 0 |
_arus _aeng |
|
| 102 | _aRU | ||
| 105 | _aa ||||||||| | ||
| 200 | 1 |
_aВозвращение к себе _dReturning to oneself _eфотографии Людмилы Ивановой _e[фотоальбом] _fавт.-сост. Александр Зимин _g[вступ.-Уильямс П.] _zeng |
|
| 210 |
_aСанкт-Петербург _cИзд-во Зимина _d2004 |
||
| 215 |
_a111 с. _cил. _d30 |
||
| 225 | 1 | _aНовое небо | |
| 300 | _aАвт. также на англ. яз.: Ludmila Ivanova | ||
| 300 | _aТекст парал. на рус. и англ. яз. | ||
| 510 | 1 |
_6z17790 _aReturning to oneself _zeng |
|
| 606 | 1 |
_aПравославие _jФотоальбомы _yРоссия _92078897 _3RU\NLR\auth\661254764 |
|
| 686 | _aЭ372.24я61 | ||
| 700 | 1 |
_4070 _8rus _7ca _aИванова _bЛ. С. _cфотохудожник _f1955- _gЛюдмила Сергеевна _3RU\NLR\AUTH\7797901 _980827 |
|
| 702 | 1 |
_aЗимин _bА. _gАлександр _4220 |
|
| 790 | 1 |
_4070 _7ba _8rus _aIvanova _bL. S. _cфотохудожник _f1955- _gLjudmila Sergeevna _9259272 _3RU\NLR\AUTH\770259328 |
|
| 801 | 0 |
_aRU _bNLR _c20050422 _grcr |
|
| 801 | 1 |
_aRU _bNLR _c20050422 |
|
| 942 | _cBOOK | ||
| 980 | _aNB | ||